[Event "Greek Team Championship"]
[Site "chess24.com"]
[Date "2017.07.05"]
[Round "4"]
[White "Kapnisis, Spyridon"]
[Black "Malikentzos, Sotirios"]
[Result "1-0"]
[Board "4"]
[WhiteElo "2466"]
[WhiteTitle "GM"]
[WhiteCountry "GRE"]
[WhiteFideId "4203445"]
[WhiteEloChange "5"]
[BlackElo "2439"]
[BlackTitle "FM"]
[BlackCountry "GRE"]
[BlackFideId "4215079"]
[BlackEloChange "-5"]

1. e4 {[%clk 1:30:47]} e5 {[%clk 1:30:16]} 2. Bc4 {[%clk 1:31:07]} Nf6 {[%clk
1:30:41]} 3. d3 {[%clk 1:31:32]} c6 {[%clk 1:31:07]} 4. Nf3 {[%clk 1:31:48]} d5
{[%clk 1:31:21]} 5. Bb3 {[%clk 1:32:06]} Bd6 {[%clk 1:30:33]} 6. Nc3 {[%clk
1:31:02]} dxe4 {[%clk 1:29:18]} 7. Ng5 {[%clk 1:31:23]} O-O {[%clk 1:29:00]} 8.
Ngxe4 {[%clk 1:30:46]} Nxe4 {[%clk 1:27:55]} 9. Nxe4 {[%clk 1:30:59]} Bf5 {[%clk
1:27:34]} 10. Qf3 {[%clk 1:31:07]} Bxe4 {[%clk 1:27:53]} 11. dxe4 {[%clk
1:31:29]} Na6 {[%clk 1:27:21]} 12. a3 {[%clk 1:29:32]} Nc5 {[%clk 1:24:39]} 13.
Ba2 {[%clk 1:29:19]} Qh4 {[%clk 1:15:05]} 14. Be3 {[%clk 1:24:28]} Rad8 {[%clk
0:59:39]} 15. O-O-O {[%clk 1:20:39]} Qe7 {[%clk 0:54:30]} 16. h4 {[%clk 1:06:11]}
Ne6 {[%clk 0:48:14]} 17. Kb1 {[%clk 0:57:17]} Bc7 {[%clk 0:35:48]} 18. Qg4 {[%clk
0:37:53]} Bb6 {[%clk 0:23:57]} 19. Rxd8 {[%clk 0:23:59]} Rxd8 {[%clk 0:24:23]}
20. Bxb6 {[%clk 0:22:19]} axb6 {[%clk 0:24:47]} 21. Bxe6 {[%clk 0:22:44]} Qxe6
{[%clk 0:21:04]} 22. Qxe6 {[%clk 0:23:06]} fxe6 {[%clk 0:21:31]} 23. Kc1 {[%clk
0:23:28]} Rf8 {[%clk 0:18:28]} 24. f3 {[%clk 0:23:02]} Kf7 {[%clk 0:18:55]} 25.
Kd2 {[%clk 0:22:04]} Ke7 {[%clk 0:18:46]} 26. Ke3 {[%clk 0:21:39]} Rd8 {[%clk
0:18:44]} 27. Ke2 {[%clk 0:21:09]} Rg8 {[%clk 0:12:57]} 28. Rd1 {[%clk 0:19:23]}
b5 {[%clk 0:12:40]} 29. Ke3 {[%clk 0:18:02]} Rf8 {[%clk 0:12:29]} 30. Rc1 {[%clk
0:11:48]} Kd6 {[%clk 0:10:03]} 31. Rd1+ {[%clk 0:11:54]} Ke7 {[%clk 0:10:28]} 32.
Rc1 {[%clk 0:11:23]} Kd6 {[%clk 0:10:54]} 33. g3 {[%clk 0:11:41]} Ra8 {[%clk
0:10:25]} 34. f4 {[%clk 0:09:35]} exf4+ {[%clk 0:10:13]} 35. gxf4 {[%clk
0:09:14]} Rf8 {[%clk 0:07:34]} 36. Rg1 {[%clk 0:07:21]} Rf7 {[%clk 0:06:23]} 37.
h5 {[%clk 0:06:32]} e5 {[%clk 0:05:20]} 38. f5 {[%clk 0:04:20]} Ke7 {[%clk
0:05:21]} 39. h6 {[%clk 0:03:09]} gxh6 {[%clk 0:05:33]} 40. Kf3 {[%clk 0:32:38]}
Kf6 {[%clk 0:34:50]} 41. Rg8 {[%clk 0:28:17]} Rd7 {[%clk 0:24:20]} 42. Re8 {[%clk
0:20:26]} Rd6 {[%clk 0:18:39]} 43. Kg4 {[%clk 0:17:11]} h5+ {[%clk 0:18:39]} 44.
Kxh5 {[%clk 0:16:19]} Rd2 {[%clk 0:11:39]} 45. Re6+ {[%clk 0:12:04]} Kf7 {[%clk
0:12:07]} 46. Rxe5 {[%clk 0:12:16]} Rxc2 {[%clk 0:12:32]} 47. b4 {[%clk 0:09:50]}
Rc3 {[%clk 0:10:31]} 48. Re6 {[%clk 0:08:16]} Rxa3 {[%clk 0:10:49]} 49. Kg5
{[%clk 0:08:05]} Rg3+ {[%clk 0:08:42]} 50. Kf4 {[%clk 0:08:15]} Rb3 {[%clk
0:09:05]} 51. Rh6 {[%clk 0:03:50]} Kg7 {[%clk 0:08:15]} 52. Rd6 {[%clk 0:04:15]}
Rxb4 {[%clk 0:05:23]} 53. Ke5 {[%clk 0:04:40]} c5 {[%clk 0:04:34]} 54. Rd7+
{[%clk 0:04:54]} Kh6 {[%clk 0:04:45]} 55. f6 {[%clk 0:04:24]} Rb1 {[%clk
0:01:58]} 56. Ke6 {[%clk 0:01:54]} Rf1 {[%clk 0:02:14]} 57. Rd5 {[%clk 0:01:10]}
Rf4 {[%clk 0:01:43]} 58. f7 {[%clk 0:00:43]} Kg6 {[%clk 0:01:19]} 59. Rf5 {[%clk
0:01:08]} Rxe4+ {[%clk 0:01:32]} 60. Kd5 {[%clk 0:01:30]} Rd4+ {[%clk 0:01:26]}
61. Kxc5 {[%clk 0:01:55]} Rc4+ {[%clk 0:00:56]} 62. Kxb5 {[%clk 0:02:20]} Rc8
{[%clk 0:01:20]} 63. f8Q {[%clk 0:02:46]} Rxf8 {[%clk 0:01:47]} 64. Rxf8 {[%clk
0:03:11]} h5 {[%clk 0:02:13]} 65. Kc4 {[%clk 0:03:32]} Kg5 {[%clk 0:01:58]} 66.
Kd3 {[%clk 0:03:56]} Kg4 {[%clk 0:01:57]} 67. Ke2 {[%clk 0:04:21]} h4 {[%clk
0:01:46]} 68. Kf2 {[%clk 0:04:44]} 1-0

[Event "Greek Team Championship"]
[Site "chess24.com"]
[Date "2017.07.05"]
[Round "4"]
[White "Zawadzka, Jolanta"]
[Black "Brunello, Marina"]
[Result "1/2-1/2"]
[Board "5"]
[WhiteElo "2426"]
[WhiteTitle "WGM"]
[WhiteCountry "POL"]
[WhiteFideId "1122320"]
[WhiteEloChange "-1"]
[BlackElo "2367"]
[BlackTitle "FM"]
[BlackCountry "ITA"]
[BlackFideId "822590"]
[BlackEloChange "2"]

1. e4 {[%clk 1:29:24]} c5 {[%clk 1:30:52]} 2. Nf3 {[%clk 1:29:49]} d6 {[%clk
1:31:18]} 3. d4 {[%clk 1:30:15]} cxd4 {[%clk 1:31:42]} 4. Nxd4 {[%clk 1:30:42]}
Nf6 {[%clk 1:32:07]} 5. Nc3 {[%clk 1:31:05]} a6 {[%clk 1:32:33]} 6. Be2 {[%clk
1:31:31]} e5 {[%clk 1:31:28]} 7. Nb3 {[%clk 1:31:55]} Be7 {[%clk 1:31:49]} 8. Bg5
{[%clk 1:32:13]} Nbd7 {[%clk 1:15:26]} 9. a4 {[%clk 1:32:08]} b6 {[%clk 0:55:59]}
10. Bc4 {[%clk 1:32:21]} Bb7 {[%clk 0:54:55]} 11. Qe2 {[%clk 1:31:48]} Qc7 {[%clk
0:51:46]} 12. O-O {[%clk 1:30:55]} O-O {[%clk 0:52:01]} 13. Rfd1 {[%clk 1:30:40]}
Rfc8 {[%clk 0:46:39]} 14. Nd2 {[%clk 1:29:43]} Qd8 {[%clk 0:45:12]} 15. Bb3
{[%clk 1:20:53]} h6 {[%clk 0:35:55]} 16. Bxf6 {[%clk 1:18:39]} Nxf6 {[%clk
0:35:52]} 17. Nc4 {[%clk 1:18:06]} Rc5 {[%clk 0:35:07]} 18. Qd3 {[%clk 1:08:53]}
Qc7 {[%clk 0:29:17]} 19. Ne3 {[%clk 1:01:09]} g6 {[%clk 0:25:24]} 20. Ncd5 {[%clk
0:57:52]} Nxd5 {[%clk 0:25:44]} 21. Bxd5 {[%clk 0:58:01]} Kg7 {[%clk 0:23:48]}
22. Ra3 {[%clk 0:53:53]} Bxd5 {[%clk 0:22:37]} 23. Nxd5 {[%clk 0:54:15]} Qb7
{[%clk 0:23:04]} 24. Rb3 {[%clk 0:50:31]} Bd8 {[%clk 0:22:28]} 25. c3 {[%clk
0:41:12]} Qc6 {[%clk 0:20:00]} 26. Ra3 {[%clk 0:39:36]} Qc8 {[%clk 0:18:53]} 27.
g3 {[%clk 0:38:27]} Ra7 {[%clk 0:15:56]} 28. b3 {[%clk 0:27:41]} h5 {[%clk
0:14:38]} 29. Ra2 {[%clk 0:27:45]} h4 {[%clk 0:13:58]} 30. c4 {[%clk 0:26:59]}
Ra8 {[%clk 0:13:36]} 31. Kg2 {[%clk 0:18:09]} b5 {[%clk 0:08:51]} 32. axb5 {[%clk
0:17:14]} axb5 {[%clk 0:09:17]} 33. Rxa8 {[%clk 0:17:29]} Qxa8 {[%clk 0:09:44]}
34. cxb5 {[%clk 0:17:39]} Qb7 {[%clk 0:07:57]} 35. b4 {[%clk 0:15:44]} Rxb5
{[%clk 0:08:07]} 36. Ra1 {[%clk 0:15:57]} Qd7 {[%clk 0:05:54]} 37. Ra8 {[%clk
0:12:17]} Rb7 {[%clk 0:04:08]} 38. Qc4 {[%clk 0:08:38]} h3+ {[%clk 0:03:21]} 39.
Kf3 {[%clk 0:08:58]} f5 {[%clk 0:02:14]} 40. Qc8 {[%clk 0:35:50]} Qxc8 {[%clk
0:31:31]} 41. Rxc8 {[%clk 0:34:58]} Bb6 {[%clk 0:31:53]} 42. g4 {[%clk 0:24:49]}
fxe4+ {[%clk 0:26:16]} 43. Kxe4 {[%clk 0:25:04]} Bxf2 {[%clk 0:26:04]} 44. Rc3
{[%clk 0:25:11]} Kh6 {[%clk 0:24:55]} 45. Rxh3+ {[%clk 0:25:00]} Kg5 {[%clk
0:24:57]} 46. Rf3 {[%clk 0:25:09]} Be1 {[%clk 0:24:39]} 47. h3 {[%clk 0:24:33]}
Kh4 {[%clk 0:23:41]} 48. Rf1 {[%clk 0:17:19]} Bxb4 {[%clk 0:19:38]} 49. Rb1
{[%clk 0:17:15]} Kxh3 {[%clk 0:20:00]} 50. Nxb4 {[%clk 0:15:24]} Kxg4 {[%clk
0:17:44]} 51. Rg1+ {[%clk 0:15:51]} Kh5 {[%clk 0:17:45]} 52. Nd5 {[%clk 0:16:15]}
Rf7 {[%clk 0:16:58]} 53. Rc1 {[%clk 0:14:26]} Kh6 {[%clk 0:14:44]} 54. Rc6 {[%clk
0:14:18]} Rd7 {[%clk 0:15:02]} 55. Rc8 {[%clk 0:11:49]} Ra7 {[%clk 0:14:19]} 56.
Rd8 {[%clk 0:11:30]} Ra4+ {[%clk 0:14:04]} 57. Kf3 {[%clk 0:11:43]} Ra3+ {[%clk
0:14:10]} 58. Ne3 {[%clk 0:10:16]} Rd3 {[%clk 0:14:28]} 59. Ke2 {[%clk 0:10:42]}
Rd4 {[%clk 0:14:47]} 60. Nc2 {[%clk 0:10:49]} Rd5 {[%clk 0:14:20]} 61. Nb4 {[%clk
0:10:47]} Rd4 {[%clk 0:13:26]} 62. Nc6 {[%clk 0:11:11]} Rd5 {[%clk 0:13:34]} 63.
Ne7 {[%clk 0:11:33]} Rd4 {[%clk 0:13:50]} 64. Rg8 {[%clk 0:11:45]} Rg4 {[%clk
0:12:19]} 65. Kf3 {[%clk 0:09:46]} Kh5 {[%clk 0:10:25]} 66. Rh8+ {[%clk 0:07:05]}
Kg5 {[%clk 0:10:45]} 67. Rg8 {[%clk 0:07:18]} e4+ {[%clk 0:09:58]} 68. Ke3 {[%clk
0:07:22]} Kf6 {[%clk 0:10:20]} 69. Nc6 {[%clk 0:06:00]} d5 {[%clk 0:09:23]} 70.
Kd4 {[%clk 0:06:08]} Rg2 {[%clk 0:08:03]} 71. Kxd5 {[%clk 0:06:04]} e3 {[%clk
0:07:55]} 1/2-1/2

[Event "Greek Team Championship"]
[Site "chess24.com"]
[Date "2017.07.05"]
[Round "4"]
[White "Avramidou, Anastasia"]
[Black "Pasoglou, Ekaterini"]
[Result "1-0"]
[Board "6"]
[WhiteElo "2247"]
[WhiteTitle "FM"]
[WhiteCountry "GRE"]
[WhiteFideId "4239873"]
[WhiteEloChange "2"]
[BlackElo "1885"]
[BlackCountry "GRE"]
[BlackFideId "4247663"]
[BlackEloChange "-2"]

1. d4 {[%clk 1:30:49]} Nf6 {[%clk 1:30:26]} 2. c4 {[%clk 1:31:13]} e6 {[%clk
1:30:50]} 3. Nc3 {[%clk 1:31:37]} Bb4 {[%clk 1:31:13]} 4. e3 {[%clk 1:32:02]} O-O
{[%clk 1:31:33]} 5. Ne2 {[%clk 1:32:27]} Re8 {[%clk 1:31:52]} 6. a3 {[%clk
1:32:51]} Bf8 {[%clk 1:32:14]} 7. Nf4 {[%clk 1:31:42]} d5 {[%clk 1:30:40]} 8.
cxd5 {[%clk 1:31:41]} exd5 {[%clk 1:30:30]} 9. Bd3 {[%clk 1:32:04]} Nc6 {[%clk
1:23:51]} 10. O-O {[%clk 1:30:39]} Ne7 {[%clk 1:21:19]} 11. Qc2 {[%clk 1:23:19]}
Ng6 {[%clk 1:18:26]} 12. Nxg6 {[%clk 1:10:50]} hxg6 {[%clk 1:18:27]} 13. Bd2
{[%clk 1:11:12]} c6 {[%clk 1:14:32]} 14. Rfe1 {[%clk 0:32:54]} b6 {[%clk
0:57:16]} 15. Rad1 {[%clk 0:27:51]} Bb7 {[%clk 0:55:16]} 16. Bc1 {[%clk 0:20:11]}
Rc8 {[%clk 0:52:53]} 17. Qe2 {[%clk 0:16:54]} Qe7 {[%clk 0:42:46]} 18. Qf1 {[%clk
0:13:24]} Qc7 {[%clk 0:35:58]} 19. h3 {[%clk 0:10:04]} Bd6 {[%clk 0:32:00]} 20.
e4 {[%clk 0:06:36]} dxe4 {[%clk 0:29:54]} 21. Nxe4 {[%clk 0:07:00]} Nxe4 {[%clk
0:30:05]} 22. Bxe4 {[%clk 0:07:26]} Rcd8 {[%clk 0:24:57]} 23. Qc4 {[%clk
0:05:07]} Kh8 {[%clk 0:24:19]} 24. Bg5 {[%clk 0:05:04]} Rc8 {[%clk 0:20:48]} 25.
Bf3 {[%clk 0:02:44]} Bf4 {[%clk 0:06:27]} 26. Bxf4 {[%clk 0:03:01]} Qxf4 {[%clk
0:06:50]} 27. Qc3 {[%clk 0:03:23]} Qf6 {[%clk 0:06:04]} 28. Re5 {[%clk 0:01:36]}
Rcd8 {[%clk 0:02:45]} 29. Rde1 {[%clk 0:01:23]} Rxe5 {[%clk 0:02:49]} 30. dxe5
{[%clk 0:01:23]} Qe6 {[%clk 0:03:10]} 31. Bg4 {[%clk 0:01:31]} Qd5 {[%clk
0:02:33]} 32. Rd1 {[%clk 0:01:34]} Qxd1+ {[%clk 0:03:00]} 33. Bxd1 {[%clk
0:02:00]} Rxd1+ {[%clk 0:03:26]} 34. Kh2 {[%clk 0:02:28]} c5 {[%clk 0:03:11]} 35.
Qg3 {[%clk 0:00:43]} Bc8 {[%clk 0:00:57]} 36. Qf3 {[%clk 0:01:00]} Rd7 {[%clk
0:00:35]} 37. Qa8 {[%clk 0:01:23]} Rc7 {[%clk 0:00:33]} 38. Qb8 {[%clk 0:01:34]}
Rc6 {[%clk 0:00:59]} 39. Qxa7 {[%clk 0:01:55]} Kg8 {[%clk 0:01:06]} 40. Qe7
{[%clk 0:31:50]} 1-0

[Event "Greek Team Championship"]
[Site "chess24.com"]
[Date "2017.07.05"]
[Round "4"]
[White "Pasoglou, Nikoleta"]
[Black "Louka, Magdalini"]
[Result "0-1"]
[Board "7"]
[WhiteElo "1241"]
[WhiteCountry "GRE"]
[WhiteFideId "4265408"]
[WhiteEloChange "-2"]
[BlackElo "1703"]
[BlackCountry "GRE"]
[BlackFideId "4271246"]
[BlackEloChange "2"]

1. d4 {[%clk 1:30:21]} d5 {[%clk 1:30:55]} 2. Nf3 {[%clk 1:30:44]} Nf6 {[%clk
1:31:16]} 3. Bf4 {[%clk 1:31:05]} e6 {[%clk 1:31:25]} 4. e3 {[%clk 1:31:22]} Bd6
{[%clk 1:31:37]} 5. Bg3 {[%clk 1:31:44]} O-O {[%clk 1:31:44]} 6. Bd3 {[%clk
1:31:58]} b6 {[%clk 1:29:45]} 7. c3 {[%clk 1:32:04]} Bb7 {[%clk 1:29:50]} 8. Nbd2
{[%clk 1:31:59]} c5 {[%clk 1:29:14]} 9. Qe2 {[%clk 1:28:37]} Qc7 {[%clk 1:24:47]}
10. Ne5 {[%clk 1:21:16]} Nbd7 {[%clk 1:20:23]} 11. f4 {[%clk 1:19:43]} Ne4 {[%clk
1:16:12]} 12. Bxe4 {[%clk 1:02:12]} dxe4 {[%clk 1:16:29]} 13. Rd1 {[%clk
0:56:06]} Nf6 {[%clk 0:53:51]} 14. Bh4 {[%clk 0:51:17]} Be7 {[%clk 0:50:29]} 15.
Ng4 {[%clk 0:40:29]} Nd5 {[%clk 0:44:46]} 16. Bxe7 {[%clk 0:40:09]} Nxe7 {[%clk
0:43:58]} 17. Qf2 {[%clk 0:32:40]} Nf5 {[%clk 0:40:08]} 18. Nf1 {[%clk 0:29:30]}
f6 {[%clk 0:34:15]} 19. h3 {[%clk 0:25:05]} cxd4 {[%clk 0:29:56]} 20. exd4 {[%clk
0:23:28]} Rad8 {[%clk 0:26:33]} 21. Nge3 {[%clk 0:20:07]} Nd6 {[%clk 0:22:45]}
22. Nd2 {[%clk 0:13:47]} Ba6 {[%clk 0:21:36]} 23. h4 {[%clk 0:11:27]} e5 {[%clk
0:17:18]} 24. d5 {[%clk 0:09:07]} exf4 {[%clk 0:14:08]} 25. Qxf4 {[%clk 0:09:16]}
Qc5 {[%clk 0:10:44]} 26. Nb3 {[%clk 0:01:07]} Qb5 {[%clk 0:05:10]} 27. Qf2 {[%clk
0:01:14]} Rfe8 {[%clk 0:04:53]} 28. Nd4 {[%clk 0:00:57]} Qd7 {[%clk 0:04:54]} 29.
Ne6 {[%clk 0:00:45]} Rc8 {[%clk 0:04:40]} 30. Qg3 {[%clk 0:00:41]} Re7 {[%clk
0:03:26]} 31. Rd2 {[%clk 0:00:35]} Nc4 {[%clk 0:02:17]} 32. Rf2 {[%clk 0:00:33]}
Nxe3 {[%clk 0:02:23]} 33. Qxe3 {[%clk 0:01:00]} Qxd5 {[%clk 0:02:41]} 34. Nf4
{[%clk 0:00:36]} Qxa2 {[%clk 0:02:52]} 35. Qc1 {[%clk 0:00:33]} e3 {[%clk
0:02:16]} 36. Rf3 {[%clk 0:00:37]} Rd8 {[%clk 0:02:26]} 0-1

[Event "Greek Team Championship"]
[Site "chess24.com"]
[Date "2017.07.05"]
[Round "4"]
[White "Kouskoutis, Georgios-Alexandros"]
[Black "Ballas, Athanasios-panagiotis"]
[Result "1/2-1/2"]
[Board "8"]
[WhiteElo "2242"]
[WhiteCountry "GRE"]
[WhiteFideId "4234049"]
[WhiteEloChange "-6"]
[BlackElo "2015"]
[BlackCountry "GRE"]
[BlackFideId "4224078"]
[BlackEloChange "6"]

1. c4 {[%clk 1:27:05]} e5 {[%clk 1:30:52]} 2. g3 {[%clk 1:27:29]} Nf6 {[%clk
1:31:07]} 3. Bg2 {[%clk 1:27:51]} d5 {[%clk 1:31:18]} 4. cxd5 {[%clk 1:28:15]}
Nxd5 {[%clk 1:31:43]} 5. Nc3 {[%clk 1:28:40]} Nb6 {[%clk 1:30:46]} 6. Nf3 {[%clk
1:29:04]} Nc6 {[%clk 1:31:05]} 7. O-O {[%clk 1:29:29]} Be7 {[%clk 1:29:49]} 8. d3
{[%clk 1:29:47]} O-O {[%clk 1:30:13]} 9. a3 {[%clk 1:29:06]} Re8 {[%clk 1:30:33]}
10. b4 {[%clk 1:27:57]} Bf8 {[%clk 1:29:38]} 11. Bb2 {[%clk 1:23:05]} Bg4 {[%clk
1:10:42]} 12. h3 {[%clk 1:13:01]} Bh5 {[%clk 1:09:35]} 13. Ne4 {[%clk 0:59:25]}
Bxf3 {[%clk 0:40:20]} 14. Bxf3 {[%clk 0:58:08]} Nd4 {[%clk 0:38:42]} 15. Bg2
{[%clk 0:54:35]} c6 {[%clk 0:38:25]} 16. e3 {[%clk 0:52:43]} Nf5 {[%clk 0:36:25]}
17. Nc5 {[%clk 0:47:13]} Rb8 {[%clk 0:30:11]} 18. Rc1 {[%clk 0:32:51]} Nd7 {[%clk
0:28:32]} 19. Nb3 {[%clk 0:30:34]} Nd6 {[%clk 0:26:45]} 20. d4 {[%clk 0:26:55]}
exd4 {[%clk 0:23:06]} 21. Nxd4 {[%clk 0:21:42]} Rc8 {[%clk 0:19:33]} 22. Nb3
{[%clk 0:19:37]} Qe7 {[%clk 0:15:11]} 23. Nc5 {[%clk 0:14:13]} Red8 {[%clk
0:13:31]} 24. Qe2 {[%clk 0:13:30]} b6 {[%clk 0:11:42]} 25. Nxd7 {[%clk 0:13:15]}
Qxd7 {[%clk 0:11:17]} 26. e4 {[%clk 0:09:00]} c5 {[%clk 0:09:23]} 27. e5 {[%clk
0:07:03]} Nf5 {[%clk 0:08:33]} 28. Rfd1 {[%clk 0:07:28]} Qe6 {[%clk 0:03:40]} 29.
Bb7 {[%clk 0:05:17]} Rb8 {[%clk 0:02:42]} 30. Qf3 {[%clk 0:03:23]} Nd4 {[%clk
0:02:19]} 31. Bxd4 {[%clk 0:03:23]} cxd4 {[%clk 0:02:26]} 32. Rc7 {[%clk
0:03:18]} d3 {[%clk 0:00:52]} 33. Rxd3 {[%clk 0:03:26]} Rxd3 {[%clk 0:00:52]} 34.
Qxd3 {[%clk 0:03:52]} Qxe5 {[%clk 0:00:47]} 35. Qd7 {[%clk 0:02:33]} Bd6 {[%clk
0:00:36]} 36. Qxf7+ {[%clk 0:02:25]} Kh8 {[%clk 0:01:06]} 37. Rc8+ {[%clk
0:01:11]} Rxc8 {[%clk 0:01:33]} 38. Bxc8 {[%clk 0:01:35]} Qe7 {[%clk 0:00:44]}
39. Qd5 {[%clk 0:01:04]} a5 {[%clk 0:00:35]} 40. bxa5 {[%clk 0:30:45]} bxa5
{[%clk 0:30:46]} 41. a4 {[%clk 0:29:36]} Bb4 {[%clk 0:28:04]} 42. Kg2 {[%clk
0:29:40]} Qc5 {[%clk 0:25:53]} 43. Qa8 {[%clk 0:21:51]} Qf8 {[%clk 0:26:08]} 44.
Qc6 {[%clk 0:15:41]} Qc5 {[%clk 0:19:05]} 45. Qe8+ {[%clk 0:15:49]} Qf8 {[%clk
0:19:34]} 46. Qe6 {[%clk 0:15:09]} Qd6 {[%clk 0:18:09]} 47. Qe4 {[%clk 0:15:10]}
Qe7 {[%clk 0:18:22]} 48. Be6 {[%clk 0:14:35]} Bc5 {[%clk 0:16:02]} 49. h4 {[%clk
0:12:24]} Bb4 {[%clk 0:13:45]} 50. Kh3 {[%clk 0:10:38]} Qf6 {[%clk 0:10:51]} 51.
f4 {[%clk 0:08:11]} Qe7 {[%clk 0:07:40]} 52. h5 {[%clk 0:07:03]} Qf6 {[%clk
0:05:18]} 53. Bb3 {[%clk 0:06:11]} Qe7 {[%clk 0:04:00]} 54. Qd5 {[%clk 0:05:51]}
Qf8 {[%clk 0:04:00]} 55. Qe6 {[%clk 0:03:47]} Bc3 {[%clk 0:01:58]} 56. Bc2 {[%clk
0:03:42]} Qg8 {[%clk 0:01:42]} 57. Qf5 {[%clk 0:02:25]} Bb4 {[%clk 0:01:07]} 58.
g4 {[%clk 0:01:53]} Bc3 {[%clk 0:00:50]} 59. g5 {[%clk 0:01:35]} Bb4 {[%clk
0:00:41]} 60. Kg4 {[%clk 0:00:53]} Bc3 {[%clk 0:00:57]} 61. Be4 {[%clk 0:00:53]}
Bb4 {[%clk 0:00:37]} 62. Bd3 {[%clk 0:00:46]} Bc3 {[%clk 0:00:48]} 63. Kf3 {[%clk
0:00:41]} Qa8+ {[%clk 0:00:44]} 64. Be4 {[%clk 0:00:53]} Qg8 {[%clk 0:01:12]} 65.
Kg4 {[%clk 0:00:54]} Bb4 {[%clk 0:01:26]} 1/2-1/2

[Event "Greek Team Championship"]
[Site "chess24.com"]
[Date "2017.07.05"]
[Round "4"]
[White "Vlachos, Anatole"]
[Black "Androutsopoulos-Agiotatos, Vasil"]
[Result "1-0"]
[Board "9"]
[WhiteElo "2075"]
[WhiteCountry "GRE"]
[WhiteFideId "26093189"]
[WhiteEloChange "10"]
[BlackElo "2088"]
[BlackCountry "GRE"]
[BlackFideId "4268130"]
[BlackEloChange "-10"]

1. Nf3 {[%clk 1:28:01]} Nf6 {[%clk 1:30:55]} 2. g3 {[%clk 1:28:28]} g6 {[%clk
1:31:23]} 3. Bg2 {[%clk 1:28:54]} Bg7 {[%clk 1:31:52]} 4. O-O {[%clk 1:29:18]}
O-O {[%clk 1:32:18]} 5. c4 {[%clk 1:29:45]} Nc6 {[%clk 1:32:35]} 6. Nc3 {[%clk
1:30:07]} e5 {[%clk 1:26:23]} 7. d3 {[%clk 1:30:30]} d6 {[%clk 1:25:09]} 8. Rb1
{[%clk 1:30:41]} a5 {[%clk 1:24:21]} 9. a3 {[%clk 1:31:06]} Re8 {[%clk 1:23:19]}
10. Bg5 {[%clk 1:25:47]} h6 {[%clk 1:14:09]} 11. Bxf6 {[%clk 1:26:01]} Bxf6
{[%clk 1:13:31]} 12. b4 {[%clk 1:24:29]} axb4 {[%clk 1:12:18]} 13. axb4 {[%clk
1:24:52]} Ne7 {[%clk 0:57:41]} 14. Nd2 {[%clk 1:17:26]} Bg7 {[%clk 0:54:17]} 15.
Qc2 {[%clk 0:42:16]} c6 {[%clk 0:49:50]} 16. Ra1 {[%clk 0:42:26]} Rb8 {[%clk
0:38:39]} 17. Nb3 {[%clk 0:32:36]} Be6 {[%clk 0:36:34]} 18. b5 {[%clk 0:29:00]}
f5 {[%clk 0:33:01]} 19. Ra7 {[%clk 0:26:32]} Nc8 {[%clk 0:22:47]} 20. Ra3 {[%clk
0:24:10]} Ne7 {[%clk 0:21:49]} 21. Rfa1 {[%clk 0:23:06]} Bf7 {[%clk 0:17:42]} 22.
Ra7 {[%clk 0:21:38]} cxb5 {[%clk 0:12:37]} 23. Nxb5 {[%clk 0:20:24]} e4 {[%clk
0:10:31]} 24. Rd1 {[%clk 0:17:18]} e3 {[%clk 0:08:13]} 25. fxe3 {[%clk 0:13:25]}
Nc6 {[%clk 0:08:31]} 26. Rxb7 {[%clk 0:13:10]} Rxb7 {[%clk 0:03:22]} 27. Bxc6
{[%clk 0:13:38]} Rbe7 {[%clk 0:02:45]} 28. Bxe8 {[%clk 0:13:44]} Bxe8 {[%clk
0:02:16]} 29. Kf2 {[%clk 0:10:13]} Bxb5 {[%clk 0:01:06]} 30. cxb5 {[%clk
0:10:36]} Qe8 {[%clk 0:01:15]} 31. Qc6 {[%clk 0:09:12]} Rxe3 {[%clk 0:01:02]} 32.
Qxe8+ {[%clk 0:09:31]} Rxe8 {[%clk 0:01:31]} 33. Rb1 {[%clk 0:08:10]} Rb8 {[%clk
0:01:31]} 34. Na5 {[%clk 0:07:54]} Bd4+ {[%clk 0:01:56]} 35. e3 {[%clk 0:07:20]}
Bb6 {[%clk 0:01:08]} 36. Nc4 {[%clk 0:07:13]} d5 {[%clk 0:01:34]} 37. Nxb6 {[%clk
0:06:20]} Rxb6 {[%clk 0:02:03]} 38. d4 {[%clk 0:04:52]} Kf7 {[%clk 0:02:28]} 39.
Ke2 {[%clk 0:05:16]} Ke6 {[%clk 0:02:20]} 40. Kd3 {[%clk 0:35:29]} Kd7 {[%clk
0:32:22]} 41. Kc3 {[%clk 0:33:53]} Re6 {[%clk 0:23:51]} 42. Kb4 {[%clk 0:31:46]}
Rxe3 {[%clk 0:20:08]} 43. Kc5 {[%clk 0:30:53]} Kc7 {[%clk 0:16:43]} 44. Ra1
{[%clk 0:27:27]} Kb7 {[%clk 0:14:33]} 45. Ra6 {[%clk 0:25:21]} Re2 {[%clk
0:12:13]} 46. h4 {[%clk 0:18:32]} Rc2+ {[%clk 0:10:15]} 47. Kxd5 {[%clk 0:18:44]}
Rg2 {[%clk 0:09:26]} 48. Rxg6 {[%clk 0:19:02]} f4 {[%clk 0:09:53]} 49. Ke4 {[%clk
0:16:20]} fxg3 {[%clk 0:08:09]} 50. Kf3 {[%clk 0:11:20]} Rb2 {[%clk 0:02:25]} 51.
Kxg3 {[%clk 0:11:36]} Rxb5 {[%clk 0:02:47]} 52. Rxh6 {[%clk 0:12:00]} Rd5 {[%clk
0:03:04]} 53. Rg6 {[%clk 0:12:20]} Rxd4 {[%clk 0:03:21]} 54. h5 {[%clk 0:12:44]}
Rd1 {[%clk 0:03:05]} 55. Rg4 {[%clk 0:10:50]} Rg1+ {[%clk 0:02:56]} 56. Kf4
{[%clk 0:10:37]} Rh1 {[%clk 0:03:03]} 57. Kg5 {[%clk 0:11:00]} Kc7 {[%clk
0:03:02]} 58. h6 {[%clk 0:10:51]} Kd7 {[%clk 0:02:10]} 59. Kg6 {[%clk 0:11:09]}
Ke8 {[%clk 0:01:59]} 60. Kg7 {[%clk 0:11:24]} 1-0